MARC

LEADER 00000nam0a2200000 4500
001 39898
005 20231031011846.0
035 |a (RuTPU)RU\TPU\book\40775 
090 |a 39898 
100 |a 20020415d1986 m y0rusy50 ca 
101 0 |a rus 
102 |a UA 
105 |a a j 001zy 
200 1 |a Численные методы в инженерных исследованиях  |e учебное пособие  |f В. Е. Краскевич, К. Х. Зеленский, В. И. Гречко 
210 |a Киев  |c Вища школа  |d 1986 
215 |a 263 с.  |c ил. 
320 |a Библиогр.: с. 261. 
610 1 |a математика 
610 1 |a инженерные исследования 
610 1 |a численные методы 
610 1 |a вычислительные процессы 
610 1 |a приближенные методы 
610 1 |a линейные уравнения 
610 1 |a нелинейные уравнения 
610 1 |a функции 
610 1 |a дифференцирование 
610 1 |a интегрирование 
610 1 |a дифференциальные уравнения 
610 1 |a векторы 
610 1 |a интегральные уравнения 
610 1 |a математическая физика 
610 1 |a экстремумы 
610 1 |a учебные пособия 
675 |a 519.6(075.8)  |v 3 
700 1 |a Краскевич  |b В. Е.  |g Валерий Евгеньевич 
701 1 |a Зеленский  |b К. Х.  |g Кирилл Харитонович 
701 1 |a Гречко  |b В. И.  |g Валентина Ильинична 
801 1 |a RU  |b 63413507  |c 20020415  |g PSBO 
801 2 |a RU  |b 63413507  |c 20210206  |g PSBO 
942 |c BK